000
00227 a2200097 4500
001
42950
100
_a
Peter II
245
_a
The memoirs of king peter II of Yugoslavian
260
_a
London
_b
Cassell
_c
090
_c
26831
_d
26831
942
_a
NUST-CAE
_c
M
_c
18704
999
_c
278023
_d
278023